K niektorým otázkam ďalšieho rozvoja NHK členských krajín RVHP so zreteľom na zapojenie čsl. NHK do MPD osobitne do MSDP priebežná výskumná správa čiastkovej úlohy ŠPZV IX-2-4/5.1

Saved in:
Bibliographic Details
Format: Book
Language:Slovak
Published: Bratislava VŠE 1988
Tags: Add Tag
No Tags, Be the first to tag this record!

MARC

LEADER 00000nam a2200000 4500
001 c034202
005 20260325122011.8
041 0 |a slo 
044 |a SK 
245 1 0 |a K niektorým otázkam ďalšieho rozvoja NHK členských krajín RVHP so zreteľom na zapojenie čsl. NHK do MPD osobitne do MSDP  |b priebežná výskumná správa čiastkovej úlohy ŠPZV IX-2-4/5.1 
264 1 |a Bratislava  |b VŠE  |c 1988 
300 |a 108 s.